000 00599nam a2200193 a 4500
001 000028527
005 20240412074254.0
008 110408s1986 dr a 000 p spa d
040 _aDO-SdBNP
_bspa
_cBNPHU
082 _aRD861.44
_bM534a
100 1 _aMena, Miguel D.,
_d1962-
_913215
245 1 0 _aArmario urbano /
_cMiguel D. Mena.
260 _aSanto Domingo :
_bEdiciones Huellas,
_c1986.
300 _a[56 p.] :
_bil. ;
_c22 cm.
590 _aInventariado, 2019/ YL
650 0 _aPoesía dominicana
_966
650 0 _aLiteratura dominicana.
_967
910 _aValidado. Control de calidad MMOLINA
999 _c28019
_d28019